Pavouk /
Román ze švédské detektivní série s komisařem Joonem Linnou. Záhadný vrah má devět vyhlédnutých obětí a na seznamu se tentokrát objevuje i samotný Joona.
Uloženo v:
| Série: | Detektiv Joona Linna,
část 9 |
|---|---|
| Hlavní autor: | |
| Další autoři: | |
| Médium: | E-kniha |
| Jazyk: | Czech |
| Vydáno: |
Brno :
Host,
2022
|
| Vydání: | První vydání |
| Edice: | Krimiromán
|
| Témata: | |
| Příbuzné jednotky: | Z cyklu::
Detektiv Joona Linna |
| Tagy: |
Žádné tagy |
| LEADER | 02613nam a2200493 i 4500 | ||
|---|---|---|---|
| 001 | 311720 | ||
| 003 | CZ PrSKC | ||
| 005 | 20260601215710.0 | ||
| 007 | ta | ||
| 008 | 221027s2022 xr g 000 f cze | ||
| 015 | |a cnb003466505 | ||
| 020 | |a 9788027513765 |q (vázáno) | ||
| 035 | |a (OCoLC)1357138819 | ||
| 040 | |a ABG001 |b cze |d ABA001 |e rda | ||
| 041 | 1 | |a cze |h swe | |
| 072 | 7 | |a 821.11 |x Germánské literatury |2 Konspekt | |
| 080 | |a 821.113.6-31 |2 MRF | ||
| 080 | |a (0:82-312.4) |2 MRF | ||
| 100 | 1 | |a Kepler, Lars |7 osa2010608855 |4 aut | |
| 240 | 1 | 0 | |a Spindeln. |l Česky |
| 245 | 1 | 0 | |a Pavouk / |c Lars Kepler ; přeložila Karolína Kloučková |
| 250 | |a První vydání | ||
| 264 | 1 | |a Brno : |b Host, |c 2022 | |
| 300 | |a 522 stran ; |c 21 cm | ||
| 336 | |a text |b txt |2 rdacontent | ||
| 337 | |a bez média |b n |2 rdamedia | ||
| 338 | |a svazek |b nc |2 rdacarrier | ||
| 490 | 1 | |a Krimiromán | |
| 500 | |a Přeloženo ze švédštiny | ||
| 520 | 2 | |a Román ze švédské detektivní série s komisařem Joonem Linnou. Záhadný vrah má devět vyhlédnutých obětí a na seznamu se tentokrát objevuje i samotný Joona. |b Před třemi roky dostala Saga Bauerová pohlednici s výhrůžným textem o pistoli s devíti bílými kulkami, z nichž jedna čeká na Joonu Linnu. Pohlednici sice tehdy Joonovi ukázala, ale čas plynul a hrozba upadla v zapomnění jako bezvýznamná provokace. Až doposud. Na starém hřbitově v Kapellskäru byl nalezen pytel s téměř rozpuštěným tělem. Na místě činu zůstala bílá nábojnice. Bestiální pachatel dává policii možnost zastavit sérii vražd tím, že rozluští složité hádanky. Nakladatelská anotace. Kráceno. | |
| 655 | 7 | |a švédské romány |7 fd133923 |2 czenas | |
| 655 | 7 | |a detektivní romány |7 fd132010 |2 czenas | |
| 655 | 7 | |a thrillery (romány) |7 fd184206 |2 czenas | |
| 655 | 9 | |a Swedish fiction |2 eczenas | |
| 655 | 9 | |a detective novels |2 eczenas | |
| 655 | 9 | |a thrillers (novels) |2 eczenas | |
| 700 | 1 | |a Kloučková, Karolína |7 xx0058636 |4 trl | |
| 787 | 0 | 8 | |i Z cyklu: |t Detektiv Joona Linna |g 9 |
| 830 | 0 | |a Krimiromán | |
| 900 | |a ABA001 |b 21 | ||
| 044 | |a xr | ||
| 910 | |a RBIT002 | ||
| 998 | |d 362498 |a https://core.palmknihy.cz/api/books/362498/cover?rk9l8s |b https://core.palmknihy.cz/api/books/362498/cover/400?rk9l8s |c https://core.palmknihy.cz/api/books/362498/cover/50?rk9l8s |e 2027-04-25 |g 525 |i 9788027513765 |j https://core.palmknihy.cz/api/books/362498/preview.epub |k https://core.palmknihy.cz/api/books/362498/preview.pdf |l |q 49 |r 1 |s https://www.palmknihy.cz/kniha/362498 |t ebook |y 2022 |z 0 |v Případy komisaře Joony Linny |w 9 | ||
| 999 | |d 311718 | ||